00641nam a2200205Ia 450000500170000000800410001702000180005804000180007604100080009408200180010210000180012024501250013825000120026326000490027530000270032465000190035165100250037065100190039565100210041420230828150258.0210716s2008 xx 000 0 und d a9788179928745 cAIMIT LIBRARY aeng a368 21bNARH aNarayanan, H. aIndian insurance : bpast and present of the Indian insurance industry with a focus on global changes /cBy H Narayanan. a1st ed. aBangalore :bJaico Publishing House ,c2008. a547p. ;bPB.c23.5 cm. aInsurance(368) aHealthcare insurance aFire insurance aMarine insurance